[Event "Izhevsk Corporation Cup 6th"]
[Site "Izhevsk"]
[Date "2014.07.13"]
[Round "2"]
[White "Balashov, Yuri S"]
[Black "Novoselov, Alexander"]
[Result "1/2-1/2"]
[WhiteElo "2435"]
[BlackElo "2115"]
[PlyCount "82"]
[EventDate "2014.07.12"]
[EventType "swiss"]
[EventRounds "9"]
[EventCountry "RUS"]
[SourceTitle "CBM 161 Extra"]
[Source "ChessBase"]
[SourceDate "2014.08.29"]
[SourceVersion "1"]
[SourceVersionDate "2014.08.29"]
[SourceQuality "1"]

1. c4 e5 2. Nc3 c5 3. g3 Nc6 4. Bg2 d6 5. d3 f5 6. e3 Nf6 7. Nge2 Be7 8. a3 0-0 9. 0-0 Be6 10. Nd5 Rf7 11. d4 Na5 12. Qc2 cxd4 13. b4 Nc6 14. exd4 Nxd4 15. Nxd4 exd4 16. Nf4 Bc8 17. Bb2 Ne4 18. Bxd4 Bg5 19. Nd5 Be6 20. f3 Bxd5 21. cxd5 Bf6 22. Bxf6 Nxf6 23. Qxf5 Re7 24. Rae1 Qb6+ 25. Kh1 Rae8 26. Re6 Rxe6 27. dxe6 Qe3 28. f4 Rxe6 29. Bd5 Nxd5 30. Qxd5 Qe4+ 31. Qxe4 Rxe4 32. Rd1 Re3 33. Rxd6 Rxa3 34. Rd8+ Kf7 35. Rd7+ Kf6 36. Rxb7 Ra2 37. Rb5 Rb2 38. Kg1 h6 39. g4 g6 40. h4 h5 41. g5+ Ke6 1/2-1/2

[Event "Izhevsk Krasnoperov Memorial"]
[Site "Izhevsk"]
[Date "2008.09.??"]
[Round "7"]
[White "Kochurov, Dmitry"]
[Black "Novoselov, Alexander"]
[Result "1-0"]
[WhiteElo "2313"]
[BlackElo "2020"]
[PlyCount "83"]
[EventDate "2008.09.??"]
[EventType "tourn"]
[EventRounds "9"]
[EventCountry "RUS"]
[SourceTitle "EXT 2010"]
[Source "ChessBase"]
[SourceDate "2010.11.25"]
[SourceVersion "1"]
[SourceVersionDate "2010.11.25"]
[SourceQuality "1"]

1. d4 d5 2. c4 e6 3. Nc3 Nf6 4. cxd5 exd5 5. Bg5 Nbd7 6. e3 Be7 7. Bd3 Nf8 8. Qc2 Ne6 9. Bh4 g6 10. Nge2 0-0 11. 0-0 c6 12. f3 Nh5 13. Bxe7 Qxe7 14. e4 Nhf4 15. Rad1 Qg5 16. Nxf4 Nxf4 17. Rfe1 Be6 18. Bf1 f5 19. e5 b6 20. Qd2 h6 21. g3 Nh5 22. Qxg5 hxg5 23. Rc1 g4 24. f4 g5 25. Ne2 Rac8 26. fxg5 f4 27. Nxf4 Nxf4 28. gxf4 Rxf4 29. Ba6 Rc7 30. Rf1 Rxd4 31. Rf6 Re7 32. Rxc6 Bf7 33. e6 Be8 34. Rc2 Kg7 35. Be2 Re4 36. Kf2 Re5 37. Bxg4 Rxg5 38. Rf4 Bh5 39. Bh3 Re5 40. Kf1 Re3 41. Rg2+ Kh7 42. Rh4 1-0

[Event "Izhevsk Krasnoperov Memorial"]
[Site "Izhevsk"]
[Date "2008.09.??"]
[Round "6"]
[White "Novoselov, Alexander"]
[Black "Fedoseev, Vladimir"]
[Result "0-1"]
[WhiteElo "2020"]
[BlackElo "2216"]
[PlyCount "94"]
[EventDate "2008.09.??"]
[EventType "tourn"]
[EventRounds "9"]
[EventCountry "RUS"]
[SourceTitle "EXT 2010"]
[Source "ChessBase"]
[SourceDate "2010.11.25"]
[SourceVersion "1"]
[SourceVersionDate "2010.11.25"]
[SourceQuality "1"]

1. e4 e5 2. Nf3 Nc6 3. Bb5 a6 4. Ba4 Nf6 5. 0-0 Be7 6. Re1 b5 7. Bb3 0-0 8. h3 d6 9. c3 Na5 10. Bc2 c5 11. d4 Qc7 12. Bg5 Bb7 13. d5 Qd8 14. Bxf6 Bxf6 15. Nbd2 Bc8 16. b4 cxb4 17. cxb4 Nb7 18. Bd3 Bd7 19. Qe2 Qb6 20. Nb3 Rfc8 21. Rec1 a5 22. a3 h6 23. Rxc8+ Rxc8 24. Rc1 Ra8 25. Qb2 Bd8 26. Nbd2 axb4 27. axb4 Qa6 28. Nb1 Bb6 29. Nc3 Kf8 30. Rc2 Ke7 31. Qa2 Qa3 32. Bf1 Qxc3 33. Qxa8 Qxc2 34. Qxb7 Qxf2+ 35. Kh2 Qxf1 36. Qxb6 Qc4 37. Qe3 Qxb4 38. g4 Qb2+ 39. Kg3 b4 40. g5 Qc3 41. Qxc3 bxc3 42. gxh6 gxh6 43. Ne1 f5 44. Kf3 fxe4+ 45. Kxe4 Bxh3 46. Kd3 Bf5+ 47. Kxc3 Be4 0-1

[Event "RUS-chT Clubs U18"]
[Site "Rybinsk"]
[Date "2008.08.07"]
[Round "6.29"]
[White "Loskutov, Sviatoslav"]
[Black "Novoselov, Alexander"]
[Result "1/2-1/2"]
[WhiteElo "2071"]
[BlackElo "2020"]
[PlyCount "80"]
[EventDate "2008.08.02"]
[EventType "team"]
[EventRounds "9"]
[EventCountry "RUS"]
[SourceTitle "EXT 2020"]
[Source "ChessBase"]
[SourceDate "2019.10.17"]
[SourceVersion "1"]
[SourceVersionDate "2019.10.17"]
[SourceQuality "1"]

1. e4 c5 2. Nf3 d6 3. d4 cxd4 4. Nxd4 Nf6 5. Nc3 a6 6. Be2 e6 7. Be3 Be7 8. 0-0 0-0 9. Kh1 Qc7 10. f4 Nc6 11. Bf3 Bd7 12. Qe1 Rac8 13. Qg3 Kh8 14. Rad1 b5 15. a3 Rb8 16. e5 Ne8 17. Bxc6 Bxc6 18. f5 dxe5 19. Nxc6 Qxc6 20. Qxe5 Nf6 21. Bd4 Rbd8 22. Rfe1 Bd6 23. Qe2 exf5 24. Bxf6 gxf6 25. Rf1 Bxa3 26. bxa3 Qxc3 27. Rxd8 Rxd8 28. Qe7 Rg8 29. h3 Qe5 30. Qxf7 Rg7 31. Qh5 Qe4 32. Qf3 Qxf3 33. Rxf3 Rc7 34. Rxf5 Kg7 35. a4 bxa4 36. Ra5 Rxc2 37. Rxa4 Rc6 38. Kh2 Rb6 39. Rg4+ Kf7 40. Rh4 Kg7 1/2-1/2

[Event "RUS-chT Clubs U18"]
[Site "Rybinsk"]
[Date "2008.08.04"]
[Round "3"]
[White "Novoselov, Alexander"]
[Black "Svetlov, Dmitry"]
[Result "1/2-1/2"]
[WhiteElo "2020"]
[BlackElo "2306"]
[PlyCount "146"]
[EventDate "2008.08.02"]
[EventType "team"]
[EventRounds "9"]
[EventCountry "RUS"]
[SourceTitle "CBM 125 Extra"]
[Source "ChessBase"]
[SourceDate "2008.09.01"]
[SourceVersion "1"]
[SourceVersionDate "2008.09.01"]
[SourceQuality "1"]

1. e4 c6 2. d4 d5 3. exd5 cxd5 4. Bd3 Nc6 5. c3 Qc7 6. Nf3 Bg4 7. 0-0 e6 8. Nbd2 Bd6 9. h3 Bh5 10. Re1 Nf6 11. Nf1 0-0 12. Bg5 Nd7 13. Bh4 Rab8 14. Bg3 Bg6 15. Bxg6 hxg6 16. Bxd6 Qxd6 17. Ng3 b5 18. a3 f6 19. Qd3 g5 20. Re2 Kf7 21. Rae1 Rfe8 22. Nf1 Nf8 23. g3 Na5 24. Ne3 Rec8 25. h4 gxh4 26. Nxh4 Nc4 27. Ng4 Qd7 28. Qf3 Kg8 29. Ng2 Nd6 30. Nf4 Ne4 31. Kg2 a5 32. Qd3 Ng5 33. Ng6 Nfh7 34. Rh1 b4 35. axb4 axb4 36. f3 bxc3 37. bxc3 Rb3 38. Rc2 Qc7 39. Rhc1 Nf8 40. Nf4 Qc4 41. Qe3 Rcb8 42. Nf2 Kf7 43. N4d3 Nd7 44. f4 Nh7 45. g4 Rb1 46. Kg3 Rxc1 47. Rxc1 Rb3 48. Ne1 Nb6 49. Nf3 Na4 50. Nd1 Ra3 51. g5 Nf8 52. Rc2 Qf1 53. Qd2 Nb6 54. Ne3 Qa6 55. gxf6 gxf6 56. f5 Nc8 57. Qh2 Nd6 58. fxe6+ Nxe6 59. Qh5+ Kg7 60. Qxd5 Nf7 61. Nf5+ Kg8 62. Rb2 Rxc3 63. Rb8+ Rc8 64. Rxc8+ Qxc8 65. Qe4 Qc7+ 66. Kh4 Nfg5 67. Nxg5 Nxg5 68. Qa8+ Kf7 69. Qd5+ Kg6 70. Kg4 Qh7 71. Nh4+ Kh6 72. Nf5+ Kg6 73. Nh4+ Kh6 1/2-1/2

[Event "RUS-chT Clubs U18"]
[Site "Rybinsk"]
[Date "2008.08.02"]
[Round "1"]
[White "Novoselov, Alexander"]
[Black "Antipov, Mikhail Al"]
[Result "1/2-1/2"]
[WhiteElo "2020"]
[BlackElo "2150"]
[PlyCount "98"]
[EventDate "2008.08.02"]
[EventType "team"]
[EventRounds "9"]
[EventCountry "RUS"]
[SourceTitle "CBM 125 Extra"]
[Source "ChessBase"]
[SourceDate "2008.09.01"]
[SourceVersion "1"]
[SourceVersionDate "2008.09.01"]
[SourceQuality "1"]

1. e4 e6 2. d4 d5 3. Nc3 Nf6 4. Bg5 Bb4 5. e5 h6 6. Bd2 Bxc3 7. bxc3 Ne4 8. Bd3 Nxd2 9. Qxd2 c5 10. f4 Nc6 11. Nf3 Qa5 12. c4 Qxd2+ 13. Kxd2 dxc4 14. Bxc4 Nxd4 15. Nxd4 cxd4 16. Rab1 Ke7 17. Bd3 Rb8 18. Rb4 Rd8 19. Rhb1 b6 20. a4 g5 21. g3 gxf4 22. gxf4 Rg8 23. Re1 Bb7 24. Rxd4 Rg2+ 25. Re2 Rbg8 26. f5 exf5 27. Bxf5 Bc8 28. Bxc8 Rxe2+ 29. Kxe2 Rxc8 30. Kd3 Rc5 31. Rh4 Rxe5 32. Rxh6 Rf5 33. c3 Ra5 34. Rh4 Rd5+ 35. Ke3 Rc5 36. Kd3 Rd5+ 37. Rd4 Rg5 38. h4 Rg3+ 39. Kc4 a6 40. Rf4 Ke6 41. Kd4 f5 42. a5 bxa5 43. Rf1 Rh3 44. c4 Rxh4+ 45. Kc5 Rh8 46. Kb6 Rb8+ 47. Kc7 Rb4 48. c5 Rc4 49. c6 f4 1/2-1/2

[Event "PriFR-ch U18"]
[Site "Gorodets"]
[Date "2007.11.??"]
[Round "5"]
[White "Novoselov, Alexander"]
[Black "Vetryansky, Vladimir"]
[Result "1-0"]
[WhiteElo "1930"]
[BlackElo "1995"]
[PlyCount "59"]
[EventDate "2007.11.02"]
[EventType "swiss"]
[EventRounds "9"]
[EventCountry "RUS"]
[SourceTitle "EXT 2022"]
[Source "ChessBase"]
[SourceDate "2021.10.06"]
[SourceVersion "1"]
[SourceVersionDate "2021.10.06"]
[SourceQuality "1"]

1. e4 c5 2. Nf3 Nc6 3. d4 cxd4 4. Nxd4 Nf6 5. Nc3 e5 6. Ndb5 d6 7. Bg5 a6 8. Na3 b5 9. Nd5 Be7 10. Bxf6 Bxf6 11. c4 b4 12. Nc2 Rb8 13. b3 0-0 14. g3 Bg5 15. Bg2 a5 16. 0-0 Ne7 17. f4 Nxd5 18. Qxd5 Bb7 19. Qd3 Bf6 20. Rad1 exf4 21. gxf4 Re8 22. Nd4 Qb6 23. Kh1 Rbd8 24. Nf5 Re6 25. Rg1 g6 26. Nh6+ Kg7 27. f5 Ree8 28. Ng4 Bg5 29. h4 h5 30. hxg5 1-0